Ajax skład 20/21 - Statystyki

Ogólne statystyki
  • Ten quiz został rozwiązany 30 razy
  • Średni wynik to 9 z 20
Statystyki odpowiedzi
Piłkarz Piłkarz % Poprawnych
Bramkarz Onana
96%
Napastnik Tadic
75%
Obrońca Tagliafico
75%
Napastnik Neres
68%
Napastnik Antony
64%
Pomocnik Blind
64%
Pomocnik Klaassen
54%
Pomocnik Klaassen
54%
Obrońca Martinez
54%
Napastnik Haller
46%
Pomocnik Gravenberch
43%
Obrońca Alvarez
36%
Obrońca Mazraoui
36%
Obrońca Klaiber
32%
Pomocnik Kudus
29%
Bramkarz Stekelenburg
29%
Napastnik Traore
29%
Obrońca Schuurs
21%
Pomocnik Labyad
11%
Napastnik Idrissi
7%
Nie znaleziono quizów pasujących do podanych kryteriów
Rozkład punktacji
Procent ludzi z każdym wynikiem
Percentyl według liczby udzielonych odpowiedzi
Twoja historia wyników
Nie rozwiązałeś tego quizu